| 000 | 00836nam a2200241 u 4500 | ||
|---|---|---|---|
| 001 | 000016848 | ||
| 005 | 20200929164954.0 | ||
| 008 | 100310s1945 dr r 000 0 spa d | ||
| 040 |
_aDO-SdBNP _bspa _cBNPHU |
||
| 082 |
_a863.3 _bC355m, 1945 |
||
| 100 | 1 |
_aCastro, D. Guillén de _cGuillén de Castro y Bellvís _d1569 - 1631 _937305 |
|
| 245 | 1 | 3 |
_aLas mocedades del CID / _cD. Guillén de Castro; Notas Víctor Said Armesto. |
| 250 | _a4 ed. | ||
| 260 |
_aMadrid : _bEspasa- Calpe, _c1945. |
||
| 300 |
_a269 p. ; _c18 cm. |
||
| 490 | 1 | _aClásicos Castellanos | |
| 500 | _aIncluye notas la pie de las páginas. | ||
| 650 | 4 |
_aNovela española _91123 |
|
| 650 | 4 |
_aLiteratura española _9632 |
|
| 700 | 1 |
_aSaid Armesto, Víctor _cNotas _937306 |
|
| 830 | 0 |
_aCástellano Castellanos _937307 |
|
| 830 | 0 |
_aClásicos Castellanos _v15 _94180 |
|
| 999 |
_c16380 _d16380 |
||